|
|
|
|
| LEADER |
02223cam a2200517 a 4500 |
| 001 |
nkc20051631899 |
| 003 |
CZ PrNK |
| 005 |
20100318083954.0 |
| 007 |
ta |
| 008 |
050929s2005 xr a e 000 0 cze d |
| 015 |
|
|
|a cnb001631899
|
| 020 |
|
|
|a 80-86125-60-2
|q (brož.)
|
| 035 |
|
|
|a (OCoLC)85543215
|
| 040 |
|
|
|a PNA001
|b cze
|d BOA001
|d ABA001
|
| 041 |
1 |
|
|a cze
|a ger
|h cze
|h ger
|
| 043 |
|
|
|a e-gx---
|a e-xr---
|b e-xr-pl
|2 czenas
|
| 072 |
|
7 |
|a 94(430/439)
|x Dějiny zemí střední Evropy
|2 Konspekt
|9 8
|
| 080 |
|
|
|a 911.375:316.4.063.34
|2 MRF
|
| 080 |
|
|
|a 94(437.317)
|2 MRF
|
| 080 |
|
|
|a 94(430.129)
|2 MRF
|
| 080 |
|
|
|a (048.8)
|2 MRF
|
| 100 |
1 |
|
|a Procházka, Zdeněk,
|d 1954 červen 7.-
|7 jn20001227734
|4 aut
|
| 245 |
1 |
0 |
|a Hostouň - Waldthurn :
|b historie a současnost dvou partnerských obcí = Geschichte und Gegenwart zweier Partnerschaftsgemeinden /
|c [text o Hostouni Zdeněk Procházka ; překlad Eva Jiřincová ; text o Waldthurnu obec Waldthurn ; překlad Marie Bretlová]
|
| 246 |
3 |
0 |
|a Waldthurn
|
| 260 |
|
|
|a V Domažlicích :
|b Pro obec Hostouň vydalo Nakladatelství Českého lesa,
|c 2005
|
| 300 |
|
|
|a 76 s. :
|b il. (některé barev.) ;
|c 21 cm
|
| 500 |
|
|
|a Přeloženo z češtiny a němčiny
|
| 504 |
|
|
|a Obsahuje bibliografické odkazy
|
| 546 |
|
|
|a Souběžný český a německý text
|
| 650 |
0 |
7 |
|a partnerská města a obce
|7 ph123980
|z Česko
|2 czenas
|
| 650 |
0 |
7 |
|a partnerská města a obce
|7 ph123980
|z Německo
|2 czenas
|
| 650 |
0 |
9 |
|a partner cities and towns
|z Czechia
|2 eczenas
|
| 650 |
0 |
9 |
|a partner cities and towns
|z Germany
|2 eczenas
|
| 655 |
|
7 |
|a přehledy
|7 fd133202
|2 czenas
|
| 655 |
|
9 |
|a surveys
|2 eczenas
|
| 651 |
|
7 |
|a Hostouň (Domažlice, Česko)
|7 ge276316
|x dějiny
|2 czenas
|
| 651 |
|
7 |
|a Waldthurn (Německo)
|7 ge310000
|x dějiny
|2 czenas
|
| 651 |
|
9 |
|a Hostouň (Domažlice, Czechia)
|x history
|2 eczenas
|
| 651 |
|
9 |
|a Waldthurn (Germany)
|x history
|2 eczenas
|
| 710 |
1 |
|
|a Hostouň (Domažlice, Česko).
|b Obecní úřad
|7 mzk2006358004
|
| 910 |
2 |
|
|a BOA001
|b 2-1164.243
|
| 928 |
9 |
|
|a Nakladatelství Českého lesa
|
| 990 |
|
|
|a BK
|
| 995 |
|
|
|a 01
|
| 991 |
|
|
|b 200603
|c NOV
|
| 996 |
6 |
|
|b 2610273777
|c 2-1164.243
|l MZK
|r Sklad / do 1 hodiny
|n 1
|p p.v.
|w 000810343
|u 000010
|a 1
|e BOA001
|j MZK50
|s P
|